00485nam a22001577a 450000500170000000800410001702000180005804000210007604100080009708200150010510000270012024500600014726000820020730000100028965000280029920260313110950.0260313b |||||||| |||| 00| 0 eng d a9788199452534 aIN-DiNCcIN-DiNC deng a338.5bAHM aAhmed, Rofiqueeauthor aIntermediate microeconomics (Major5)/cby Rofique Ahmed aJorhat:bNorth East institute of research consultancy and publication,c2025. a304p. aMicroeconomics (Major5)